Visual encyclopedia /

Guardado en:
Formato: Libro
Publicado: Inglaterra : Dorling Kindersley, 1998
Materias:
Etiquetas: Agregar Etiqueta
Sin Etiquetas, Sea el primero en etiquetar este registro!
LEADER 00452nam a22001695a 4500
001 CEM.cems009748
005 20060214000000.0
008 130507s1998##################000#0#####d
003 CEMS
082 0 4 |a 030 
245 0 0 |a Visual encyclopedia / 
260 |a Inglaterra :  |b Dorling Kindersley,  |c 1998 
300 |a 640 p. 
653 |a Enciclopedias 
653 |a Ingles 
653 |a Ingles-enciclopedias 
859 |a CEMS  |b BIB. CEMS - 11 de abril  |h 030  |i D736  |p 20038.98  |t Ej.1